[Event "Titled Tuesday intern op 13th Feb Late"]
[Site "Chess.com INT"]
[Date "2024.02.13"]
[Round "6"]
[White "Capdevila, Calixto"]
[Black "Sari, Yasin"]
[Result "1-0"]
[WhiteElo "2107"]
[BlackElo "2292"]
[PlyCount "219"]
[EventDate "2024.02.13"]
[EventType "swiss (blitz)"]
[EventRounds "11"]
[EventCountry "USA"]
[SourceTitle "CBM 218 Extra"]
[Source "ChessBase"]
[SourceDate "2024.03.31"]
[SourceVersion "1"]
[SourceVersionDate "2024.03.31"]
[SourceQuality "1"]

1. d4 d5 2. c4 c6 3. Nf3 Nf6 4. Nc3 Bf5 5. g3 dxc4 6. Ne5 Nbd7 7. Nxc4 Nb6 8. Ne5 Nfd7 9. Nxd7 Qxd7 10. Bg2 Bh3 11. 0-0 h5 12. e4 h4 13. Qf3 Bg4 14. Qf4 g6 15. d5 hxg3 16. fxg3 0-0-0 17. Qxf7 e5 18. Qxd7+ Rxd7 19. h3 Bc5+ 20. Kh2 Rdh7 21. h4 Nc4 22. Bg5 Ne3 23. Rf6 Be7 24. Rxg6 Bxg5 25. Rxg5 Bd7 26. Re1 Nc2 27. Re2 Nd4 28. Rf2 cxd5 29. Nxd5 Nc6 30. Rf6 Rh6 31. Rxh6 Rxh6 32. Rg8+ Nd8 33. Ne7+ Kc7 34. Nd5+ Kc8 35. Bh3 Rd6 36. Bxd7+ Rxd7 37. h5 b6 38. g4 Kb7 39. g5 Ne6 40. h6 Rh7 41. Kg3 Nxg5 42. Rxg5 Rxh6 43. Rxe5 Rh1 44. Re7+ Kc6 45. Rxa7 Rg1+ 46. Kf4 Rd1 47. Ke3 Re1+ 48. Kd3 Rh1 49. b3 Rh2 50. Kd4 Rd2+ 51. Ke3 Rd1 52. Rc7+ Kd6 53. Nc3 Re1+ 54. Kd2 Rh1 55. Rc4 Rh2+ 56. Kd3 Rh1 57. Rd4+ Kc7 58. Kc4 Kb7 59. Nd5 Rc1+ 60. Kb4 Rb1 61. e5 Ra1 62. a4 Ka6 63. Nc7+ Kb7 64. Nb5 Re1 65. Rd5 Kc6 66. Rd6+ Kb7 67. e6 Re4+ 68. Kc3 Re1 69. Rd7+ Kc6 70. Rc7+ Kd5 71. e7 Re3+ 72. Kd2 Re5 73. Rd7+ Kc6 74. Rb7 Kxb7 75. e8Q Rxe8 76. Nd6+ Kc6 77. Nxe8 Kc5 78. Kc3 b5 79. Nf6 b4+ 80. Kb2 Kd4 81. Ng4 Ke4 82. Nf6+ Kd4 83. Nd7 Kd5 84. Nb6+ Kd4 85. a5 Kc5 86. Nd7+ Kb5 87. a6 Kxa6 88. Kc2 Kb5 89. Ne5 Kc5 90. Kd3 Kd5 91. Nf3 Kc5 92. Nd4 Kd5 93. Nc2 Kc5 94. Ke4 Kb5 95. Kd4 Ka5 96. Kc4 Ka6 97. Kxb4 Kb6 98. Kc4 Ka6 99. b4 Kb6 100. b5 Ka5 101. Nb4 Kb6 102. Nd5+ Ka5 103. Kc5 Ka4 104. b6 Ka5 105. Kc6 Ka6 106. Kc7 Ka5 107. b7 Ka6 108. b8Q Ka5 109. Qb6+ Ka4 110. Qb4# 1-0